000 01521cam a2200373 a 4500
001 110682
005 20230410115907.0
008 050309s2005 nyu b 001 0 eng
035 _a13893894
925 0 _aacquire
_b2 shelf copies
_xpolicy default
942 _2lcc
_cbk
010 _a 2005272032
020 _a1400078008 (Vintage)
040 _aDLC
_cDLC
_dDLC
043 _an-us---
050 1 4 _aHQ 1426
_bE33f 2005
082 0 0 _a305.420973
100 1 _aEhrenreich, Barbara.
245 1 0 _aFor her own good :
_btwo centuries of the experts' advice to women /
_cBarbara Ehrenreich and Deirdre English.
250 _a2nd Anchor Books ed.
260 _aNew York :
_bAnchor Books,
_c2005.
300 _axx, 410 p. ;
_c22 cm.
504 _aIncludes bibliographical references (p. [363]-388) and index.
650 0 _aWomen
_zUnited States
_xSocial conditions.
650 0 _aMaternal and infant welfare
_zUnited States
_xHistory.
650 0 _aWomen's health services
_xSocial aspects
_zUnited States
_xHistory.
650 0 _aMedical ethics
_zUnited States
_xHistory.
650 0 _aWomen's rights
_zUnited States
_xHistory.
650 4 _aMujeres
_xCondiciones sociales
_zEstados Unidos
700 1 _aEnglish, Deirdre.
856 4 2 _3Publisher description
_uhttp://www.loc.gov/catdir/enhancements/fy0626/2005272032-d.html
856 4 1 _3Sample text
_uhttp://www.loc.gov/catdir/enhancements/fy0626/2005272032-s.html
856 4 1 _3Table of contents only
_uhttp://www.loc.gov/catdir/enhancements/fy0626/2005272032-t.html
999 _c49991
_d49991